000 00918nam a22002657a 4500
003 DO-SdBPM
005 20250226111047.0
008 161031b2006 xxu a 00| 0 spa d
020 _a076527731X
040 _aBPMSU
_bspa
_cBPMSU
082 4 _a796.48
_bB641c 2006
_222
100 1 _aBlanche, Lynne
245 1 0 _aCampeones olímpicos /
_cLynne Blanche, Claire Daniel
260 _aEstados Unidos :
_bPearson Learning Group ,
_c2006.
300 _a32 p. :
_bil. ;
_c25 cm.
490 0 _aiOpeners
500 _aIncluye índice
505 0 _aSueños olímpicos -- Cathy Freeman -- Marc Gagnon --Tanni Grey-Thompson -- Haile Gebreselassie -- Pablo Morales -- Kristi Yamaguchi -- Deportes olímpicos -- Índice.
590 _aInventariado, 2025/VM
650 4 _aOlimpiadas
650 4 _aJuegos olímpicos
700 1 _aDaniel, Claire
_eautor
910 _aVMateo V. Control de calidad. BPMSU
942 _2ddc
_cBK
999 _c12609
_d12609